Mammal Orders Found in Australia - Statistics

General Stats
  • This quiz has been taken 3 times
  • The average score is 3 of 7
Answer Stats
Order % Correct
Rodentia
100%
Chiroptera (Bat)
33%
Dasyuromorphia
33%
Diprotodontia
33%
Monotremata
33%
Notoryctemorphia (Marsupial Mole)
33%
Peramelemorphia (Bandicoot/Bilby)
0%
No matching quizzes found
Score Distribution
Percent of People with Each Score
Percentile by Number Answered
Your Score History
You have not taken this quiz